[Event "Kamen - Sodingen "]
[Site "?"]
[Date "2024.05.05"]
[Round "9.1"]
[White "Werrn, Pascal"]
[Black "Luetke, Jens"]
[Result "0-1"]
[WhiteElo "2123"]
[BlackElo "2142"]
[PlyCount "138"]
[EventDate "2024.??.??"]
[SourceVersionDate "2023.09.25"]

1. e4 c5 2. Nf3 d6 3. Bb5+ Nd7 4. c3 Ngf6 5. Qe2 a6 6. Ba4 b5 7. Bc2 e5 8. O-O Be7 9. Rd1 O-O 10. d4 Qc7 11. Bd3 Re8 12. d5 Nh5 13. a4 c4 14. Bc2 Rb8 15. axb5 axb5 16. Be3 g6 17. Nbd2 Nf4 18. Bxf4 exf4 19. Nd4 Ne5 20. g3 Bg5 21. N2f3 Bg4 22. h3 Bxf3 23. Nxf3 Bh6 24. Nxe5 Rxe5 25. g4 Bg5 26. Qf3 Kg7 27. Ra6 Rb6 28. Rda1 Rxa6 29. Rxa6 h6 30. Qd1 Bd8 31. Qd4 Qe7 32. Kg2 h5 33. Ra7 f3+ 34. Kxf3 hxg4+ 35. hxg4 Qh4 36. Rb7 Bg5 37. Qa7 Qh3+ 38. Ke2 Qxg4+ 39. Kf1 Qf3 40. Rd7 Bc1 41. Rd8 Rh5 42. Qd4+ f6 43. Qa7+ Kh6 44. Rh8+ Kg5 45. Rxh5+ gxh5 46. Qg7+ Kh4 47. b3 cxb3 48. Bxb3 Bg5 49. Qh7 Qd3+ 50. Kg2 Qh3+ 51. Kg1 Qxc3 52. e5 fxe5 53. Qe4+ Bf4 54. Bd1 Qh3 55. Bf3 b4 56. Bg2 Qc3 57. Qf5 b3 58. Be4 Qh3 59. Qf6+ Bg5 60. Qg6 Qg4+ 61. Kf1 b2 62. Qh7 Qd1+ 63. Kg2 Qg4+ 64. Kf1 Kh3 65. Ke1 Kh2 66. Bf5 Qb4+ 67. Ke2 h4 68. Be4 Qd2+ 69. Kf3 Qd1# 0-1

[Event "Kamen - Sodingen "]
[Site "?"]
[Date "2024.05.05"]
[Round "9.2"]
[White "Weidemann, Christian"]
[Black "Waldschmidt, Georg"]
[Result "1/2-1/2"]
[WhiteElo "2199"]
[BlackElo "2125"]
[PlyCount "115"]
[EventDate "2024.??.??"]
[SourceVersionDate "2023.09.25"]

1. e4 e5 2. Nf3 Nc6 3. Bc4 Nf6 4. d4 exd4 5. O-O Nxe4 6. Re1 d5 7. Bxd5 Qxd5 8. Nc3 Qh5 9. Nxe4 Be6 10. Bg5 Bd6 11. h4 h6 12. Nxd6+ cxd6 13. Bf4 Qg4 14. Bxd6 O-O-O 15. Bg3 Rd5 16. Ne5 Nxe5 17. Rxe5 Qxd1+ 18. Rxd1 Rhd8 19. f3 g6 20. Rxd5 Rxd5 21. Bf2 Bf5 22. Rxd4 Rxd4 23. Bxd4 Bxc2 24. Bxa7 h5 25. Kf2 Kd7 26. Ke3 Kd6 27. Kd4 Bb1 28. a4 Ba2 29. b4 Bb3 30. Bb8+ Kd7 31. a5 Kc6 32. Ke5 Kd7 33. Kf6 Kc6 34. Kg5 Bd5 35. Kf4 Bc4 36. Ba7 Bf1 37. g3 Be2 38. Bc5 Kd5 39. Bf8 Kc6 40. Ke3 Bd1 41. Ke4 Be2 42. Bg7 Bd1 43. Kf4 Be2 44. g4 f5 45. Ke3 Bd1 46. g5 Kb5 47. Bf8 Kc4 48. Kf4 Kd4 49. b5 Ba4 50. a6 bxa6 51. bxa6 Bc6 52. a7 Ba8 53. Bg7+ Kd5 54. Ke3 Kc4 55. Bf6 Bb7 56. Kf4 Kd5 57. Ke3 Kc4 58. Kf4 1/2-1/2

[Event "Kamen - Sodingen "]
[Site "?"]
[Date "2024.05.05"]
[Round "9.3"]
[White "Boehnke, Martin"]
[Black "Himmel, Hansjoerg"]
[Result "0-1"]
[WhiteElo "2116"]
[BlackElo "2189"]
[PlyCount "56"]
[EventDate "2024.??.??"]
[SourceVersionDate "2023.09.25"]

1. d4 Nf6 2. c4 e6 3. g3 Bb4+ 4. Bd2 Qe7 5. Nf3 Nc6 6. Nc3 Bxc3 7. Bxc3 Ne4 8. Rc1 d6 9. Bg2 Nxc3 10. Rxc3 O-O 11. d5 Nb8 12. O-O a5 13. dxe6 fxe6 14. Nd4 Na6 15. a3 c6 16. b3 e5 17. Nc2 Bf5 18. e4 Be6 19. Qd2 Nc5 20. Rd1 Rfd8 21. Na1 Qf7 22. Qe2 a4 23. b4 Nb3 24. Nxb3 axb3 25. Ra1 b5 26. cxb5 cxb5 27. Qxb5 Rdc8 28. Re3 Rc2 0-1

[Event "Kamen - Sodingen "]
[Site "?"]
[Date "2024.05.05"]
[Round "9.4"]
[White "Seepe, Udo"]
[Black "Becker, Joerg"]
[Result "1/2-1/2"]
[WhiteElo "2096"]
[BlackElo "2171"]
[PlyCount "58"]
[EventDate "2024.??.??"]
[SourceVersionDate "2023.09.25"]

1. c4 e5 2. g3 Nc6 3. Bg2 Nf6 4. Nc3 Be7 5. Nf3 O-O 6. O-O d5 7. cxd5 Nxd5 8. Nxe5 Nxc3 9. Nxc6 Nxe2+ 10. Qxe2 bxc6 11. d4 Bd7 12. Be3 Re8 13. Qc2 Rb8 14. b3 Bf6 15. Bxc6 Bxc6 16. Qxc6 Re6 17. Qc5 a6 18. Rac1 c6 19. Qa3 h5 20. Rfd1 h4 21. Qxa6 Ra8 22. Qe2 Qd5 23. Rc5 Qe4 24. a4 Bxd4 25. Rc4 c5 26. Qh5 h3 27. Qxh3 Qf3 28. Qf1 Rxe3 29. Rcxd4 cxd4 1/2-1/2

[Event "Kamen - Sodingen "]
[Site "?"]
[Date "2024.05.05"]
[Round "9.5"]
[White "Banik, Thorsten"]
[Black "Georg, Felix"]
[Result "1-0"]
[WhiteElo "2105"]
[BlackElo "2045"]
[PlyCount "63"]
[EventDate "2024.??.??"]
[SourceVersionDate "2023.09.25"]

1. d4 e6 2. Nf3 f5 3. c4 Nf6 4. Nc3 Be7 5. Bg5 O-O 6. Bxf6 Bxf6 7. e4 fxe4 8. Nxe4 d5 9. Nxf6+ Qxf6 10. Bd3 Nc6 11. O-O b6 12. Rc1 Bb7 13. cxd5 exd5 14. Re1 Rae8 15. Rxe8 Rxe8 16. Qd2 Re7 17. b4 Nd8 18. Re1 Nf7 19. Rxe7 Qxe7 20. Qf4 Bc8 21. h4 Qd6 22. Bxh7+ Kxh7 23. Qxf7 Bg4 24. Ng5+ Kh6 25. Qe8 Qf4 26. Nf7+ Kh7 27. Qh8+ Kg6 28. Ne5+ Kf5 29. Qh7+ Ke6 30. Qg6+ Ke7 31. Qxg7+ Kd8 32. Qxg4 1-0

[Event "Kamen - Sodingen "]
[Site "?"]
[Date "2024.05.05"]
[Round "9.6"]
[White "Kilian, Ralf"]
[Black "Mueller, Frank"]
[Result "1/2-1/2"]
[WhiteElo "2073"]
[BlackElo "1975"]
[PlyCount "76"]
[EventDate "2024.??.??"]
[SourceVersionDate "2023.09.25"]

1. e4 c5 2. Nf3 e6 3. c3 Nf6 4. Bd3 Nc6 5. Bc2 e5 6. d3 Be7 7. Nbd2 d6 8. Nf1 O-O 9. Ne3 d5 10. O-O d4 11. cxd4 cxd4 12. Nc4 Qc7 13. Ba4 Be6 14. Bxc6 Bxc4 15. Ba4 Be6 16. Bb3 Bxb3 17. Qxb3 Nd7 18. Bd2 Bd6 19. Rfc1 Qb6 20. Qd5 Nf6 21. Qc4 Qd8 22. Bg5 h6 23. Bxf6 Qxf6 24. Qd5 Qe7 25. Rc4 Rad8 26. Rac1 Kh7 27. Qb5 Qd7 28. Qxd7 Rxd7 29. Kf1 g6 30. Ke2 Kg7 31. Nd2 f6 32. Nb3 Kf7 33. Na5 Ke7 34. Rc8 Rxc8 35. Rxc8 Bb4 36. Nc4 b5 37. Nd2 Rd8 38. Rc7+ Rd7 1/2-1/2

[Event "Kamen - Sodingen "]
[Site "?"]
[Date "2024.05.05"]
[Round "9.8"]
[White "Schulte, Jan"]
[Black "Graw, Christopher"]
[Result "0-1"]
[WhiteElo "1779"]
[BlackElo "2216"]
[PlyCount "34"]
[EventDate "2024.??.??"]
[SourceVersionDate "2023.09.25"]

1. d4 f5 2. Nf3 Nf6 3. c4 d6 4. Nc3 g6 5. e3 Bg7 6. Rb1 O-O 7. Be2 Qe8 8. Qc2 e5 9. dxe5 dxe5 10. e4 fxe4 11. Nxe4 Nxe4 12. Qxe4 Nc6 13. Nh4 Nd4 14. Bg4 Qf7 15. O-O Bxg4 16. Qxg4 Qxc4 17. Kh1 Qxf1# 0-1

[Event "Werther - Meschede"]
[Site "?"]
[Date "2024.05.05"]
[Round "9.1"]
[White "Rittmeier, Bernhard"]
[Black "Haskenhoff, Jan"]
[Result "1-0"]
[WhiteElo "2194"]
[BlackElo "2152"]
[PlyCount "57"]
[EventDate "2024.??.??"]
[SourceVersionDate "2023.09.25"]

1. c4 Nf6 2. Nf3 g6 3. Nc3 d5 4. cxd5 Nxd5 5. h4 h5 6. Qb3 Nb6 7. d4 Bg7 8. Bf4 O-O 9. e3 Nc6 10. Rd1 a5 11. a3 a4 12. Qc2 Ra5 13. Bb5 Bf5 14. Bd3 Be6 15. O-O Bb3 16. Qb1 Bxd1 17. Rxd1 Nd5 18. Nxd5 Rxd5 19. Be4 Rb5 20. Ng5 e5 21. dxe5 Rxb2 22. Qc1 Qe7 23. Qxb2 Nxe5 24. Bxe5 Bxe5 25. Qxb7 Qxa3 26. Qd5 Qe7 27. Bxg6 c6 28. Bxf7+ Kg7 29. Qxc6 1-0

[Event "Werther - Meschede"]
[Site "?"]
[Date "2024.05.05"]
[Round "9.2"]
[White "Freiberger, Jonas"]
[Black "Becker, Robin"]
[Result "1-0"]
[WhiteElo "2165"]
[BlackElo "1938"]
[PlyCount "63"]
[EventDate "2024.??.??"]
[SourceVersionDate "2023.09.25"]

1. e4 c5 2. Nc3 e6 3. g3 d5 4. exd5 exd5 5. Bg2 Nf6 6. d3 Be7 7. Nge2 Nc6 8. O-O O-O 9. h3 Be6 10. Nf4 Qd7 11. Nxe6 Qxe6 12. Bf4 Rad8 13. Qd2 Nh5 14. Rae1 Qf5 15. Bc7 d4 16. Ne4 Rc8 17. Nd6 Bxd6 18. Bxd6 Rfd8 19. g4 Qd7 20. Bxc5 Nf6 21. Re2 b6 22. Ba3 h6 23. Rfe1 Nd5 24. c4 dxc3 25. bxc3 Nf6 26. d4 Na5 27. Be7 Re8 28. Bxf6 Rxe2 29. Rxe2 gxf6 30. Qxh6 Qd6 31. Be4 Qf8 32. Qh7# 1-0

[Event "Werther - Meschede"]
[Site "?"]
[Date "2024.05.05"]
[Round "9.3"]
[White "Weber, Andre"]
[Black "Suchland, Marko"]
[Result "1/2-1/2"]
[WhiteElo "2032"]
[BlackElo "2157"]
[PlyCount "95"]
[EventDate "2024.??.??"]
[SourceVersionDate "2023.09.25"]

1. Nf3 d5 2. e3 Nf6 3. b3 g6 4. Bb2 Bg7 5. c4 c6 6. Be2 O-O 7. O-O e6 8. Qc2 b6 9. d4 Bb7 10. Nbd2 Nbd7 11. Ne5 Nxe5 12. dxe5 Nd7 13. f4 f6 14. exf6 Bxf6 15. e4 Rc8 16. Bg4 Qe7 17. e5 Bg7 18. Qd3 Rfe8 19. Qg3 Nf8 20. Kh1 a5 21. Qe3 Nd7 22. Rad1 Qh4 23. Bf3 Bh6 24. g3 Qe7 25. Bg2 Ba6 26. Rfe1 Bb7 27. h4 Rf8 28. Nf1 Ba6 29. cxd5 cxd5 30. Bd4 Rc2 31. Rd2 Rfc8 32. Nh2 Rxd2 33. Qxd2 Qb4 34. Qe3 Rc2 35. Ng4 Bg7 36. Nf6+ Bxf6 37. exf6 Nf8 38. f7+ Kxf7 39. Bxd5 Bc8 40. Be4 Rxa2 41. Bxb6 a4 42. bxa4 Qd2 43. Qg1 Rxa4 44. Bc6 Nd7 45. Rb1 Qe2 46. Qe3 Qxe3 47. Bxe3 Ra3 48. Bf2 1/2-1/2

[Event "Werther - Meschede"]
[Site "?"]
[Date "2024.05.05"]
[Round "9.4"]
[White "Goecke, Karl Ulrich"]
[Black "Dyballa, Gerhard"]
[Result "1-0"]
[WhiteElo "2120"]
[BlackElo "1944"]
[PlyCount "109"]
[EventDate "2024.??.??"]
[SourceVersionDate "2023.09.25"]

1. d4 Nf6 2. Nf3 d5 3. g3 c5 4. Bg2 Nc6 5. O-O cxd4 6. Nxd4 e5 7. Nxc6 bxc6 8. c4 Be7 9. Nc3 Be6 10. Bg5 e4 11. Qa4 O-O 12. Rfd1 Qb6 13. Rab1 Rfd8 14. cxd5 cxd5 15. Be3 Bc5 16. Bxc5 Qxc5 17. Qd4 Qxd4 18. Rxd4 a5 19. Rbd1 Rdc8 20. f3 Rab8 21. fxe4 dxe4 22. b3 e3 23. R4d3 Ng4 24. Nd5 Bxd5 25. Rxd5 g6 26. Bf3 Nf2 27. R1d4 Rb4 28. Rxb4 axb4 29. Rb5 Rc1+ 30. Kg2 Rc2 31. Rxb4 Rxa2 32. g4 Rb2 33. Kg3 g5 34. Rb5 h6 35. h4 f6 36. hxg5 hxg5 37. Bd5+ Kg7 38. Kf3 Nd1 39. Rb7+ Kf8 40. Rf7+ Ke8 41. Rxf6 Nc3 42. Bc4 Nd1 43. Rf5 Rd2 44. Rxg5 Rd6 45. Re5+ Kf8 46. Rd5 Rf6+ 47. Rf5 Ke7 48. Rxf6 Kxf6 49. Kf4 Kg6 50. Bd3+ Kf7 51. Bc2 Nf2 52. g5 Nh3+ 53. Kg4 Nf2+ 54. Kf3 Nh3 55. g6+ 1-0

[Event "Werther - Meschede"]
[Site "?"]
[Date "2024.05.05"]
[Round "9.5"]
[White "Kampert, Andreas"]
[Black "Henkemeier, Markus"]
[Result "1/2-1/2"]
[WhiteElo "1940"]
[BlackElo "2040"]
[PlyCount "156"]
[EventDate "2024.??.??"]
[SourceVersionDate "2023.09.25"]

1. d4 c6 2. c4 d5 3. cxd5 cxd5 4. Nc3 Nf6 5. Nf3 Nc6 6. Bf4 Qb6 7. Na4 Qb4+ 8. Bd2 Qd6 9. Nc3 a6 10. g3 Bg4 11. Bg2 Bxf3 12. Bxf3 Nxd4 13. Bg2 Nc6 14. Qb3 O-O-O 15. O-O Kb8 16. a3 Na5 17. Qa2 Nc4 18. Bg5 e6 19. e4 Rc8 20. exd5 e5 21. Rfe1 Nd7 22. Rad1 f5 23. Ne2 Qb6 24. Bc1 Bd6 25. Rd3 e4 26. Rc3 Nce5 27. Be3 Qa5 28. Rec1 Nd3 29. Rxc8+ Rxc8 30. Rxc8+ Kxc8 31. b4 Qc7 32. Qd2 N7e5 33. Qc3 Qxc3 34. Nxc3 Nc4 35. Nb1 Nxe3 36. fxe3 h5 37. Bf1 Ne5 38. Be2 g6 39. Nd2 Nd7 40. Nb3 Nb6 41. Kf2 Nxd5 42. Bc4 Ne7 43. Nd4 Be5 44. Ne6 b5 45. Bb3 Bb2 46. a4 Kb7 47. axb5 axb5 48. Nf4 Be5 49. Bf7 Bxf4 50. exf4 Kc6 51. Be8+ Kd5 52. Bxb5 Kd4 53. Be8 h4 54. b5 hxg3+ 55. hxg3 Kc5 56. Ke2 Kb6 57. Ke3 Kc5 58. Ke2 Kb6 59. Kd2 Kc5 60. Kc2 Kb6 61. Kc3 Kc5 62. Kb3 Nc8 63. Bxg6 Nd6 64. Kc3 Nxb5+ 65. Kd2 Nd6 66. Ke3 Kd5 67. Bh7 Ke6 68. Bg8+ Kf6 69. Bd5 Ne8 70. Bxe4 fxe4 71. Kxe4 Nd6+ 72. Kf3 Nc4 73. g4 Nd2+ 74. Ke3 Nc4+ 75. Kd4 Nd6 76. Kd5 Nf7 77. Kd4 Nd6 78. Kd5 Nf7 1/2-1/2

[Event "Werther - Meschede"]
[Site "?"]
[Date "2024.05.05"]
[Round "9.6"]
[White "Hufendiek, Ekkehard"]
[Black "Schubert, Gerhard"]
[Result "1/2-1/2"]
[WhiteElo "1909"]
[BlackElo "1937"]
[PlyCount "66"]
[EventDate "2024.??.??"]
[SourceVersionDate "2023.09.25"]

1. e4 d6 2. d4 Nf6 3. Nc3 Nbd7 4. f4 e5 5. Nf3 Be7 6. Be2 O-O 7. fxe5 dxe5 8. Nxe5 Nxe5 9. dxe5 Qxd1+ 10. Bxd1 Ng4 11. Bxg4 Bxg4 12. Nd5 Bh4+ 13. g3 Bd8 14. O-O Re8 15. Bf4 c6 16. Nc3 Bb6+ 17. Kg2 Bd4 18. h3 Bh5 19. g4 Bg6 20. Kf3 Bxe5 21. Bxe5 Rxe5 22. Rad1 Rae8 23. Rd7 R5e7 24. Rfd1 Kf8 25. R1d6 f6 26. b3 Bxe4+ 27. Nxe4 Rxe4 28. Rxb7 Re3+ 29. Kf2 Re2+ 30. Kf1 Re1+ 31. Kf2 R1e2+ 32. Kf1 Re1+ 33. Kf2 R1e2+ 1/2-1/2

[Event "Werther - Meschede"]
[Site "?"]
[Date "2024.05.05"]
[Round "9.7"]
[White "Hollnack, Olaf"]
[Black "Prochnow, Malte"]
[Result "1/2-1/2"]
[WhiteElo "2100"]
[BlackElo "1937"]
[PlyCount "128"]
[EventDate "2024.??.??"]
[SourceVersionDate "2023.09.25"]

1. c4 Nf6 2. Nc3 g6 3. e4 d6 4. g3 Bg7 5. Bg2 O-O 6. Nge2 e5 7. O-O Nc6 8. d3 h6 9. h3 Kh7 10. f4 exf4 11. Bxf4 Nh5 12. Be3 a5 13. Qd2 Ne5 14. Bf2 Bxh3 15. Nd5 Bxg2 16. Kxg2 c6 17. Ndf4 Qg5 18. Rad1 Nxf4+ 19. Qxf4 Qxf4 20. gxf4 Nd7 21. d4 Rfe8 22. Kf3 a4 23. Rd2 Nf8 24. Rc1 Re7 25. Bh4 Rd7 26. Nc3 Ne6 27. Bf2 h5 28. Rcd1 Bh6 29. Be3 Nc7 30. d5 c5 31. e5 dxe5 32. Ne4 Ne8 33. Nxc5 exf4 34. Nxd7 fxe3 35. Rg2 Rd8 36. Ne5 Kg7 37. c5 Nc7 38. d6 Ne6 39. Rc2 f6 40. Nc4 Nxc5 41. Nxe3 Bxe3 42. Kxe3 b6 43. d7 Kf7 44. Rd6 Rxd7 45. Rxd7+ Nxd7 46. Rc7 Ke6 47. Rc4 a3 48. b4 b5 49. Rc3 Ne5 50. Rc5 Nc4+ 51. Kf2 Nd6 52. Rc7 Kd5 53. Kg3 g5 54. Ra7 f5 55. Rxa3 f4+ 56. Kf3 Nf5 57. Ra8 Nd4+ 58. Kf2 Ke4 59. Re8+ Kd3 60. Re5 g4 61. Rxh5 g3+ 62. Kg2 Ke4 63. Rh8 Kd3 64. Rf8 Ke4 1/2-1/2

[Event "Lippstadt - Hemer"]
[Site "?"]
[Date "2024.05.05"]
[Round "9.1"]
[White "Voicu-Jagodzinsky, Carmen"]
[Black "Wehmeier, Stefan"]
[Result "0-1"]
[WhiteElo "2228"]
[BlackElo "2414"]
[PlyCount "102"]
[EventDate "2024.??.??"]
[SourceVersionDate "2023.09.25"]

1. e4 e5 2. Nf3 Nc6 3. Bc4 Nf6 4. d3 Be7 5. O-O O-O 6. Re1 d6 7. a4 Na5 8. Ba2 c5 9. c3 Nc6 10. Na3 h6 11. h3 Re8 12. Bd2 a5 13. Nc2 b6 14. Ne3 Bf8 15. Nh2 Be6 16. Qf3 Bxa2 17. Rxa2 Ne7 18. Nhg4 Nxg4 19. Nxg4 Ng6 20. g3 Qc8 21. h4 Qe6 22. c4 Be7 23. Qf5 Bd8 24. Ne3 Ne7 25. Qxe6 fxe6 26. h5 Nc6 27. Nc2 Rf8 28. Kg2 Bg5 29. Bxg5 hxg5 30. Raa1 Rf6 31. Ne3 Raf8 32. Ng4 R6f7 33. Rad1 Kh7 34. Re3 Ne7 35. Re2 Ng8 36. Rc1 Nf6 37. Nxf6+ gxf6 38. Rc3 f5 39. f3 g4 40. fxg4 fxg4 41. Rb3 Rb8 42. Rf2 Rxf2+ 43. Kxf2 Kh6 44. Rb5 Kxh5 45. b4 axb4 46. a5 Rf8+ 47. Ke2 bxa5 48. Rxa5 Rf3 49. Ra6 Rxg3 50. Rxd6 Rg2+ 51. Kf1 Rc2 0-1

[Event "Lippstadt - Hemer"]
[Site "?"]
[Date "2024.05.05"]
[Round "9.2"]
[White "Hecht, Carsten"]
[Black "Xue, Luka"]
[Result "1-0"]
[WhiteElo "2267"]
[BlackElo "2097"]
[PlyCount "93"]
[EventDate "2024.??.??"]
[SourceVersionDate "2023.09.25"]

1. c4 e5 2. Nc3 Nf6 3. Nf3 Nc6 4. g3 d6 5. Bg2 h6 6. O-O Be6 7. d4 exd4 8. Nxd4 Nxd4 9. Qxd4 c6 10. b3 Be7 11. Bb2 Qb6 12. Qxb6 axb6 13. Rfd1 O-O 14. Rd2 Rfd8 15. Rad1 h5 16. Na4 Nd7 17. Bd4 c5 18. Be3 Bxc4 19. Bxb7 Rab8 20. Bf3 Be6 21. Nc3 Ne5 22. Bxh5 g6 23. Bf3 Nxf3+ 24. exf3 Ra8 25. Nb5 Kf8 26. Kg2 Ra5 27. Nxd6 Rxa2 28. Rxa2 Bxb3 29. Bh6+ Kg8 30. Nf5 Rxd1 31. Nxe7+ Kh7 32. Rb2 Bc4 33. f4 Kxh6 34. Rxb6 Bf1+ 35. Kf3 Rd3+ 36. Ke4 c4 37. Nf5+ Kh7 38. Ne3 Be2 39. Nxc4 Rf3 40. Rb2 f5+ 41. Kd4 Rd3+ 42. Kc5 Bf1 43. Ne5 Rd1 44. Rb7+ Kh6 45. g4 Rc1+ 46. Kd6 Rd1+ 47. Ke6 1-0

[Event "Lippstadt - Hemer"]
[Site "?"]
[Date "2024.05.05"]
[Round "9.3"]
[White "Jagodzinsky, Andreas"]
[Black "Wagner, Alexej"]
[Result "1-0"]
[WhiteElo "2182"]
[BlackElo "2211"]
[PlyCount "119"]
[EventDate "2024.??.??"]
[SourceVersionDate "2023.09.25"]

1. e4 c5 2. Nf3 d6 3. d4 cxd4 4. Nxd4 Nf6 5. Nc3 a6 6. Nb3 e5 7. Bg5 Be7 8. Qd3 Be6 9. Bxf6 Bxf6 10. O-O-O Nc6 11. Qxd6 Qxd6 12. Rxd6 Be7 13. Rd1 Rc8 14. Kb1 Bxb3 15. axb3 O-O 16. Nd5 Bc5 17. f3 g6 18. Nf6+ Kg7 19. Nd7 Rfd8 20. Bxa6 Rxd7 21. Rxd7 bxa6 22. c3 a5 23. Rhd1 Kf6 24. Rb7 Ke6 25. Rb5 Bd6 26. Rbd5 Be7 27. Rb5 Bd6 28. Rb6 Kd7 29. Rb7+ Ke6 30. Rd5 h5 31. Rb6 g5 32. Kc1 Ke7 33. Kd1 Ke6 34. Ke2 Ke7 35. g3 Rc7 36. f4 f6 37. f5 Rc8 38. Rb7+ Rc7 39. Rxc7+ Bxc7 40. Kd3 Nd8 41. h3 Nb7 42. b4 axb4 43. Rb5 Nd6 44. Rxb4 Kd7 45. Ra4 Bb8 46. b4 Kc6 47. c4 g4 48. hxg4 hxg4 49. Ra2 Bc7 50. Rh2 Nf7 51. Rh4 Ng5 52. Rxg4 Bd8 53. Rh4 Be7 54. b5+ Kd7 55. Rh6 Nf7 56. Rh7 Nd6 57. g4 Kd8 58. b6 Nb7 59. c5 Nxc5+ 60. Kc4 1-0

[Event "Lippstadt - Hemer"]
[Site "?"]
[Date "2024.05.05"]
[Round "9.4"]
[White "Tran, Duc Cuong"]
[Black "Stahlschmidt, Timo"]
[Result "1/2-1/2"]
[WhiteElo "2122"]
[BlackElo "1887"]
[PlyCount "37"]
[EventDate "2024.??.??"]
[SourceVersionDate "2023.09.25"]

1. d4 d5 2. c4 e6 3. Nc3 c5 4. cxd5 exd5 5. Nf3 Nf6 6. g3 Nc6 7. a3 c4 8. Bg2 Be7 9. O-O O-O 10. Bg5 h6 11. Bxf6 Bxf6 12. e3 Bg4 13. h3 Be6 14. Nd2 Ne7 15. b3 Qa5 16. Qc1 b5 17. Qb2 Rab8 18. Rfc1 Rfd8 19. b4 1/2-1/2

[Event "Lippstadt - Hemer"]
[Site "?"]
[Date "2024.05.05"]
[Round "9.5"]
[White "Poggemann, Alexander"]
[Black "Fecke, Andreas"]
[Result "1/2-1/2"]
[WhiteElo "1853"]
[BlackElo "2121"]
[PlyCount "47"]
[EventDate "2024.??.??"]
[SourceVersionDate "2023.09.25"]

1. d4 d6 2. Nf3 Nf6 3. e3 Nbd7 4. c4 e5 5. b3 c6 6. Be2 Be7 7. Bb2 Qc7 8. Nc3 O-O 9. O-O Re8 10. Qc2 a6 11. Rac1 Nf8 12. dxe5 dxe5 13. Ne4 Ng6 14. Rfd1 Nxe4 15. Qxe4 f5 16. Qb1 e4 17. Ne1 c5 18. g3 Be6 19. Qa1 Bf8 20. Ng2 Rad8 21. Bh5 Bf7 22. Rc2 Rxd1+ 23. Qxd1 Rd8 24. Rd2 1/2-1/2

[Event "Lippstadt - Hemer"]
[Site "?"]
[Date "2024.05.05"]
[Round "9.6"]
[White "Graf, Tobias"]
[Black "Mai, Artur"]
[Result "1-0"]
[WhiteElo "1992"]
[BlackElo "1827"]
[PlyCount "63"]
[EventDate "2024.??.??"]
[SourceVersionDate "2023.09.25"]

1. c4 e6 2. Nc3 Nf6 3. e4 Bb4 4. e5 Ng8 5. Nf3 Ne7 6. d4 d5 7. a3 Bxc3+ 8. bxc3 c5 9. Bg5 Qa5 10. Bd2 Nbc6 11. Bd3 dxc4 12. Bxc4 b5 13. Bd3 c4 14. Be4 Bb7 15. O-O Rb8 16. Qc2 Nd8 17. Ng5 Bxe4 18. Nxe4 O-O 19. a4 Qc7 20. Nc5 Rb6 21. axb5 Rxb5 22. Qa2 Rxc5 23. dxc5 Qxe5 24. Qxc4 Ndc6 25. Be3 a5 26. Rfd1 g5 27. Qg4 Qxc3 28. Qxg5+ Kh8 29. Rac1 Qb2 30. Rc4 Rg8 31. Bd4+ Nxd4 32. Qf6+ 1-0

[Event "Lippstadt - Hemer"]
[Site "?"]
[Date "2024.05.05"]
[Round "9.7"]
[White "Naumenko, Valerija"]
[Black "Schulte, Tobias"]
[Result "1/2-1/2"]
[WhiteElo "1857"]
[BlackElo "1869"]
[PlyCount "60"]
[EventDate "2024.??.??"]
[SourceVersionDate "2023.09.25"]

1. e4 c5 2. Nf3 Nc6 3. d4 cxd4 4. Nxd4 Nf6 5. Nc3 e5 6. Ndb5 d6 7. a4 a6 8. Na3 Bg4 9. f3 Be6 10. Bg5 Be7 11. Bxf6 Bxf6 12. Bc4 O-O 13. Nd5 Bg5 14. c3 Ne7 15. Nxe7+ Qxe7 16. Qd3 Kh8 17. O-O f5 18. Rad1 fxe4 19. fxe4 Bg4 20. Rxf8+ Rxf8 21. Rf1 Rxf1+ 22. Qxf1 Be3+ 23. Kh1 Qf6 24. Qxf6 gxf6 25. Bd5 Be2 26. Nc4 Bxc4 27. Bxc4 Kg7 28. g4 Kg6 29. Kg2 Kg5 30. h3 Bc1 1/2-1/2

[Event "Hamm - Herford"]
[Site "?"]
[Date "2024.05.05"]
[Round "9.1"]
[White "Quelle, Helmut"]
[Black "Frombach, Ralf"]
[Result "0-1"]
[WhiteElo "2064"]
[BlackElo "2176"]
[PlyCount "66"]
[EventDate "2024.??.??"]
[SourceVersionDate "2023.09.25"]

1. Nf3 Nf6 2. g3 g6 3. Bg2 Bg7 4. c4 O-O 5. O-O d6 6. d4 Nbd7 7. Nc3 e5 8. h3 exd4 9. Nxd4 Nb6 10. b3 d5 11. c5 Ne4 12. Nxe4 dxe4 13. e3 Nd5 14. Bd2 c6 15. b4 Re8 16. Qb3 h5 17. Rad1 h4 18. b5 hxg3 19. fxg3 Qc7 20. Be1 Be6 21. Nxe6 Rxe6 22. Rxd5 cxd5 23. Qxd5 Rd8 24. Qc4 Bf8 25. Bxe4 Bxc5 26. Kg2 Qe5 27. Bxb7 Qxe3 28. Bd5 Qe2+ 29. Bf2 Qxc4 30. Bxc4 Re5 31. Bxf7+ Kg7 32. Bb3 Rd2 33. Kg1 Rxf2 0-1

[Event "Hamm - Herford"]
[Site "?"]
[Date "2024.05.05"]
[Round "9.2"]
[White "Dargel, Manuel"]
[Black "Schalt, Guideon"]
[Result "1-0"]
[WhiteElo "2138"]
[BlackElo "1854"]
[PlyCount "63"]
[EventDate "2024.??.??"]
[SourceVersionDate "2023.09.25"]

1. c4 Nf6 2. Nc3 e5 3. g3 d6 4. Bg2 Nc6 5. e3 g6 6. Nge2 Bg7 7. O-O O-O 8. h3 a6 9. b3 Rb8 10. Bb2 Bd7 11. d3 h5 12. Qd2 Nh7 13. Rae1 Ng5 14. h4 Ne6 15. Nd5 Ne7 16. f4 f5 17. e4 Nxd5 18. cxd5 Nc5 19. fxe5 dxe5 20. Ba3 b6 21. Qe3 f4 22. gxf4 Qxh4 23. d4 exf4 24. Nxf4 Bh6 25. dxc5 Rxf4 26. Qc3 Bb5 27. Bb2 Kh7 28. Rxf4 Qxf4 29. Bc1 Qf7 30. Bxh6 Kxh6 31. a4 Rf8 32. Qe3+ 1-0

[Event "Hamm - Herford"]
[Site "?"]
[Date "2024.05.05"]
[Round "9.3"]
[White "Klemme, Thomas"]
[Black "Pruess, Wilfried"]
[Result "1/2-1/2"]
[WhiteElo "1990"]
[BlackElo "2065"]
[PlyCount "86"]
[EventDate "2024.??.??"]
[SourceVersionDate "2023.09.25"]

1. b3 d5 2. Bb2 Nc6 3. f4 Nf6 4. Nf3 Bg4 5. e3 e6 6. Bb5 a6 7. Bxc6+ bxc6 8. O-O Be7 9. d3 Bxf3 10. Rxf3 Qd7 11. Nd2 O-O-O 12. Qe2 c5 13. e4 Rhe8 14. e5 Ng4 15. h3 Nh6 16. d4 Qc6 17. Rc1 Nf5 18. c3 Qb6 19. Rd3 g5 20. fxg5 Bxg5 21. Rc2 Bxd2 22. Qxd2 c4 23. Rf3 Rg8 24. Ba3 Rg7 25. Bc5 Qc6 26. Qe1 h5 27. Kh2 Rdg8 28. Rcf2 Qd7 29. Rb2 Qd8 30. Qd1 Qg5 31. bxc4 Ne3 32. Qd2 Nxc4 33. Qxg5 Rxg5 34. Rbf2 R8g7 35. Bf8 Rg8 36. Be7 R5g7 37. Rxf7 Rxf7 38. Rxf7 Ne3 39. Rf8+ Rxf8 40. Bxf8 h4 41. Be7 Nf5 42. Bg5 Kd7 43. Kg1 Kc6 1/2-1/2

[Event "Hamm - Herford"]
[Site "?"]
[Date "2024.05.05"]
[Round "9.4"]
[White "Gerard, Marcel"]
[Black "Besler, Mattis Bernd"]
[Result "1/2-1/2"]
[WhiteElo "2060"]
[BlackElo "1968"]
[PlyCount "55"]
[EventDate "2024.??.??"]
[SourceVersionDate "2023.09.25"]

1. c4 e5 2. g3 d6 3. Bg2 f5 4. Nc3 Nf6 5. d3 Be7 6. e4 c6 7. Nge2 O-O 8. O-O a5 9. h3 Qe8 10. exf5 Bxf5 11. g4 Be6 12. Be3 Na6 13. b3 Qg6 14. f3 Nb4 15. Nc1 d5 16. a3 Na6 17. Bf2 Bc5 18. Bxc5 Nxc5 19. Qc2 Nfd7 20. Rb1 h5 21. cxd5 Bxd5 22. Nxd5 cxd5 23. b4 Ne6 24. bxa5 Nf4 25. Qd2 Nc5 26. Rb5 Qg5 27. Qc2 hxg4 28. hxg4 1/2-1/2

[Event "Hamm - Herford"]
[Site "?"]
[Date "2024.05.05"]
[Round "9.5"]
[White "Vogt, Hamid"]
[Black "Schmidt, Ingo"]
[Result "0-1"]
[WhiteElo "2069"]
[BlackElo "2019"]
[PlyCount "70"]
[EventDate "2024.??.??"]
[SourceVersionDate "2023.09.25"]

1. e4 e5 2. Nf3 Nc6 3. Bc4 Nf6 4. d3 Be7 5. O-O O-O 6. c3 d5 7. exd5 Nxd5 8. Re1 Bg4 9. h3 Bh5 10. Bb3 f5 11. Nbd2 Kh8 12. Bc2 Nf6 13. Qe2 Qd5 14. Bb3 Qc5 15. Qe3 Qxe3 16. fxe3 Nd7 17. a4 Rad8 18. d4 e4 19. Nh2 Bh4 20. Rd1 Bxd1 21. Bxd1 Nf6 22. Ndf1 Nd5 23. c4 Ndb4 24. Bd2 a5 25. Bc3 Nd3 26. Be2 Ncb4 27. Rd1 b6 28. g3 Bg5 29. h4 Bf6 30. Bxb4 Nxb4 31. b3 g5 32. hxg5 Bxg5 33. Kf2 Kg7 34. Rc1 Rxd4 35. exd4 Bxc1 0-1